[Event "Reykjavik Open 2015"]
[Site "Reykjavik ISL"]
[Date "2015.03.12"]
[Round "4.126"]
[White "Paillat, Cecile"]
[Black "Olsen, William"]
[Result "0-1"]
[WhiteElo "1485"]
[BlackElo "1716"]
[WhiteFideId "26035812"]
[BlackFideId "1518259"]
[EventDate "2015.03.10"]

1. d4 d5 2. Nf3 Nf6 3. e3 c6 4. Nbd2 Bg4 5. Be2 e6 6. Ne5 Bxe2 7. Qxe2 Nbd7 8.
b3 Bd6 9. Bb2 Qc7 10. f4 c5 11. c4 cxd4 12. exd4 O-O 13. O-O dxc4 14. bxc4 Bb4
15. Ndf3 Nxe5 16. Nxe5 Nd7 17. Rac1 Nxe5 18. dxe5 Rfd8 19. Rfd1 Rd7 20. Rxd7
Qxd7 21. Rd1 Qc7 22. Kf1 Rc8 23. Rc1 Rd8 24. Bc3 Bxc3 25. Rxc3 Rd4 26. g3 Qd7
27. Ke1 Qc6 28. Rd3 Qxc4 29. Rxd4 Qxd4 30. Kf1 Qd5 31. Ke1 b5 32. Kf2 a5 33. Qc2
h6 34. a3 b4 35. axb4 axb4 36. Qc8+ Kh7 37. Qc2+ g6 38. Ke3 b3 39. Qb2 Qd1 40.
Qd2 Qa1 41. Qd7 Kg7 42. Qe7 Qd1 43. Qa3 Qc2 44. Qe7 Qd1 45. Qa3 Qd5 46. h4 Qg2
47. Qe7 Qxg3+ 48. Ke4 Qe1+ 49. Kf3 Qd1+ 50. Ke4 b2 0-1

[Event "Reykjavik Open 2015"]
[Site "Reykjavik ISL"]
[Date "2015.03.12"]
[Round "4.127"]
[White "Hauksdottir, Hrund"]
[Black "Davidsson, Stefan Orri"]
[Result "1-0"]
[WhiteElo "1692"]
[BlackElo "1038"]
[WhiteFideId "2302608"]
[BlackFideId "2311399"]
[EventDate "2015.03.10"]

1. e4 e5 2. Nf3 Nc6 3. Bc4 Nf6 4. d3 Bc5 5. O-O Na5 6. Bb3 Nxb3 7. axb3 O-O 8.
Nxe5 d6 9. Nf3 Bg4 10. h3 Bh5 11. Bg5 Re8 12. Re1 h6 13. Bh4 g5 14. Bg3 Bd4 15.
c3 Be5 16. Nbd2 Bxg3 17. fxg3 Bg6 18. g4 c5 19. Rf1 b5 20. Qe1 Qb6 21. Kh1 Nd5
22. Qf2 Nf4 23. h4 Nxd3 24. Qe3 Ne5 25. Nxe5 Rxe5 26. h5 Bh7 27. Rf6 Kg7 28. Qf2
Qc7 29. Ra6 Re6 30. e5 Rd8 31. Rxe6 fxe6 32. Qf6+ Kg8 33. Qxe6+ Kf8 34. Qxh6+ 1-0

[Event "Reykjavik Open 2015"]
[Site "Reykjavik ISL"]
[Date "2015.03.12"]
[Round "4.128"]
[White "Davidsson, Oskar Vikingur"]
[Black "Van Zyl-Rudd, Jack"]
[Result "1-0"]
[WhiteElo "1454"]
[BlackElo "1648"]
[WhiteFideId "2310627"]
[BlackFideId "14309017"]
[EventDate "2015.03.10"]

1. e4 c5 2. c3 Nf6 3. e5 Nd5 4. d4 cxd4 5. Nf3 e6 6. cxd4 d6 7. Bc4 Nb6 8. Bb5+
Bd7 9. Bxd7+ N6xd7 10. exd6 Bxd6 11. O-O O-O 12. Nc3 Nf6 13. Bg5 Be7 14. Qb3 Qb6
15. Qxb6 axb6 16. Rfd1 h6 17. Bxf6 Bxf6 18. Ne4 Nd7 19. Nxf6+ Nxf6 20. Ne5 Rfc8
21. Rd2 Rxa2 22. Rb1 Ne4 23. Re2 Nf6 24. g3 b5 25. Re3 Nd5 26. Rb3 b4 27. Kg2
Rc4 28. Nxc4 1-0

[Event "Reykjavik Open 2015"]
[Site "Reykjavik ISL"]
[Date "2015.03.12"]
[Round "4.129"]
[White "Chadwick, Susan E"]
[Black "Einarsson, Oskar Long"]
[Result "0-1"]
[WhiteElo "1370"]
[BlackElo "1574"]
[WhiteFideId "407305"]
[BlackFideId "2309220"]
[EventDate "2015.03.10"]

1. d4 Nf6 2. Nf3 g6 3. c4 d5 4. Nc3 Bg7 5. Bf4 c6 6. e3 O-O 7. Bd3 Re8 8. O-O
Nbd7 9. cxd5 Nxd5 10. Bg3 Nxc3 11. bxc3 e5 12. dxe5 Nxe5 13. Nxe5 Bxe5 14. Bxe5
Rxe5 15. Be2 Qe7 16. Qb3 Be6 17. Qb2 Ra5 18. Rfd1 b6 19. Bf3 Rc8 20. Rd4 Qa3 21.
Qd2 Kg7 22. Rd6 c5 23. Bd5 Bxd5 24. Rxd5 Re8 25. g3 Re6 26. Rd7 Rb5 27. Rd1 Rb2
28. Qd5 Qxa2 29. Qxa2 Rxa2 30. R1d2 Rxd2 31. Rxd2 Re7 32. Kf1 b5 33. Ke1 b4 34.
cxb4 cxb4 35. Rd5 Rb7 36. Kd2 b3 37. Kc1 b2+ 38. Kb1 Kf6 39. f4 Ke6 40. e4 h5
41. Rd2 a5 42. Rd4 Rb5 43. Rd2 Rb4 44. Rxb2 Rxe4 45. Rb6+ Kf5 46. Rb5+ Kg4 47.
Rxa5 Re1+ 48. Kc2 Re2+ 49. Kd3 Rxh2 50. Rg5+ Kf3 51. Kd4 Rg2 52. Re5 Rxg3 53.
Re7 f5 54. Ke5 h4 55. Rh7 h3 56. Rh6 Kg2 57. Kf6 h2 58. Rxg6 h1=Q 59. Kxf5 Qh7 0-1

[Event "Reykjavik Open 2015"]
[Site "Reykjavik ISL"]
[Date "2015.03.12"]
[Round "4.131"]
[White "Kristofersson, Sindri Snaer"]
[Black "Babijczuk, Wojciech"]
[Result "0-1"]
[WhiteElo "1224"]
[BlackElo "1549"]
[WhiteFideId "2310732"]
[BlackFideId "1190881"]
[EventDate "2015.03.10"]

1. d4 g6 2. Bf4 d6 3. Nd2 Bg7 4. Ngf3 Nf6 5. e3 O-O 6. Bc4 a6 7. O-O b5 8. Bb3
Bb7 9. Re1 Nbd7 10. c3 c5 11. c4 bxc4 12. Bxc4 d5 13. Bd3 c4 14. Bc2 Rc8 15. Nb1
h6 16. Nc3 Nh5 17. Qe2 Nxf4 18. exf4 e6 19. Ne5 Nxe5 20. fxe5 Qb6 21. Qd2 Bc6
22. b3 Rfd8 23. Rab1 Qa7 24. Re3 Be8 25. Rh3 Kh7 26. Re1 cxb3 27. axb3 Qe7 28.
Ree3 Rc7 29. Reg3 Rdc8 30. Rg4 Qb4 31. Rgg3 a5 32. Rxh6+ Bxh6 33. Rh3 Qf8 34. g4
Rxc3 0-1

[Event "Reykjavik Open 2015"]
[Site "Reykjavik ISL"]
[Date "2015.03.12"]
[Round "4.132"]
[White "Heidarsson, Arnar"]
[Black "Fjallheim, Leif Reinert"]
[Result "0-1"]
[WhiteElo "1119"]
[BlackElo "1525"]
[WhiteFideId "2312875"]
[BlackFideId "7201788"]
[EventDate "2015.03.10"]

1. e4 e5 2. Nf3 Nc6 3. Bc4 Bc5 4. O-O Nf6 5. Nc3 d6 6. h3 O-O 7. d3 Be6 8. Bg5
h6 9. Bxe6 fxe6 10. Bh4 Nd4 11. Na4 Qe8 12. Nxc5 dxc5 13. Nxd4 exd4 14. Qd2 Nh5
15. f4 Qf7 16. g3 c6 17. Rf2 Nf6 18. f5 exf5 19. Bxf6 Qxf6 20. Raf1 Qd6 21. Kg2
fxe4 22. dxe4 Qe5 23. Qd3 Qe6 24. b3 b5 25. Rf4 a5 26. Qf3 Qd6 27. e5 Qd5 28.
Qxd5+ cxd5 29. Re1 Rae8 30. Rxf8+ Kxf8 31. Kf3 Kf7 32. Kf4 Ke6 33. h4 Rf8+ 34.
Kg4 g6 35. a3 Rf5 36. Re2 Rxe5 37. Rxe5+ Kxe5 38. h5 g5 39. Kf3 c4 40. b4 axb4
41. axb4 Kf5 0-1

[Event "Reykjavik Open 2015"]
[Site "Reykjavik ISL"]
[Date "2015.03.13"]
[Round "5.3"]
[White "Fier, Alexandr"]
[Black "Gao, Rui"]
[Result "1/2-1/2"]
[WhiteTitle "GM"]
[BlackTitle "GM"]
[WhiteElo "2601"]
[BlackElo "2533"]
[WhiteFideId "2107139"]
[BlackFideId "8602387"]
[EventDate "2015.03.10"]

1. d4 Nf6 2. c4 g6 3. Nc3 d5 4. cxd5 Nxd5 5. e4 Nxc3 6. bxc3 Bg7 7. Nf3 c5 8.
Be3 Bg4 9. Rc1 O-O 10. d5 Nd7 11. c4 f5 12. exf5 Ne5 13. Be2 Nxf3+ 14. Bxf3 Bxf3
15. Qxf3 Qa5+ 16. Bd2 Qxa2 17. Qe3 Rxf5 18. O-O Rf7 19. Bc3 Bxc3 20. Rxc3 Qa5
21. Rb3 Qc7 22. Qe2 a5 23. Rfb1 Ra7 24. h4 a4 25. Ra3 Ra6 26. g3 Raf6 27. Rxa4
Rxf2 28. Qxf2 Rxf2 29. Kxf2 Qe5 30. Ra8+ Kf7 31. Rf1 Kg7 32. Re8 Kf7 33. Rd8 Kg7
34. Re1 Qf5+ 35. Kg2 Qc2+ 36. Kg1 Qd3 37. Rxe7+ Kf6 38. Re6+ Kf5 39. Rf8+ Kg4
40. Rf2 Kxg3 41. Rg2+ Kh3 42. Rh2+ Kg3 43. Rhe2 Kxh4 44. Rh2+ Kg3 45. Rg2+ Kh3
46. Rh2+ Kg3 1/2-1/2

[Event "Reykjavik Open 2015"]
[Site "Reykjavik ISL"]
[Date "2015.03.13"]
[Round "5.5"]
[White "Libiszewski, Fabien"]
[Black "Melkumyan, Hrant"]
[Result "1/2-1/2"]
[WhiteTitle "GM"]
[BlackTitle "GM"]
[WhiteElo "2514"]
[BlackElo "2676"]
[WhiteFideId "616834"]
[BlackFideId "13302485"]
[EventDate "2015.03.10"]

1. g3 d5 2. Nf3 g6 3. Bg2 Bg7 4. O-O e5 5. d3 Ne7 6. e4 O-O 7. exd5 Nxd5 8. Re1
Nc6 9. Nc3 Nde7 10. Rb1 Re8 11. b4 Nf5 12. Ne4 h6 13. Nfd2 Rb8 14. b5 Nce7 15.
a4 b6 16. Nc4 Nd5 17. Bb2 Bb7 18. Ned2 f6 19. Nb3 Nd6 20. Nxd6 cxd6 21. d4 Ne7
22. dxe5 dxe5 23. Qxd8 Rexd8 24. c4 Bxg2 25. Kxg2 Kf7 26. c5 Nd5 27. Rbc1 Bf8
28. h4 bxc5 29. Nxc5 Bxc5 30. Rxc5 a6 31. Rb1 axb5 32. axb5 Ke6 33. Bc1 h5 34.
Ra1 Rd6 35. Ra6 Rbb6 36. Ra7 Rd8 37. Rg7 Kf5 38. Bd2 Re6 39. Ba5 Ra8 40. Rxd5
Rxa5 41. Rd3 e4 42. Rd5+ Re5 43. Rxe5+ fxe5 44. b6 Rb5 45. b7 e3 46. fxe3 Rb2+
47. Kh3 Rb1 48. Re7 Ke4 49. Kg2 Rb2+ 50. Kh3 Rb1 51. Kg2 Rb3 52. Kh2 Rb1 1/2-1/2

[Event "Reykjavik Open 2015"]
[Site "Reykjavik ISL"]
[Date "2015.03.13"]
[Round "5.6"]
[White "Naroditsky, Daniel"]
[Black "Maze, Sebastien"]
[Result "1/2-1/2"]
[WhiteTitle "GM"]
[BlackTitle "GM"]
[WhiteElo "2633"]
[BlackElo "2564"]
[WhiteFideId "2026961"]
[BlackFideId "613762"]
[EventDate "2015.03.10"]

1. e4 c5 2. Nf3 Nc6 3. d4 cxd4 4. Nxd4 e5 5. Nb5 d6 6. c4 Be7 7. N1c3 a6 8. Na3
Be6 9. Be2 Nd4 10. Nc2 Nxe2 11. Qxe2 Rc8 12. Ne3 Nf6 13. Bd2 Qd7 14. f3 Bd8 15.
O-O Bb6 16. b3 O-O 17. Kh1 Ba7 18. Rac1 Rfe8 19. Qd3 Qc6 20. Nc2 Bc5 21. Be3 h6
22. Rfd1 Red8 23. a4 Qb6 24. Rb1 Qc7 25. Bxc5 Qxc5 26. Ne3 Qb4 27. Qd2 Qb6 28.
Ra1 Qa5 29. g4 Kf8 30. h4 Ng8 31. Nf5 Bxf5 32. gxf5 Nf6 33. Rg1 d5 34. exd5 Nxd5
35. cxd5 Qxc3 36. Qg2 Rxd5 37. Qxg7+ Ke7 38. Raf1 Rc6 39. Qg3 1/2-1/2

[Event "Reykjavik Open 2015"]
[Site "Reykjavik ISL"]
[Date "2015.03.13"]
[Round "5.7"]
[White "Gupta, Abhijeet"]
[Black "Georgiadis, Nico"]
[Result "1-0"]
[WhiteTitle "GM"]
[BlackTitle "IM"]
[WhiteElo "2625"]
[BlackElo "2468"]
[WhiteFideId "5010608"]
[BlackFideId "1300113"]
[EventDate "2015.03.10"]

1. Nf3 Nf6 2. c4 e6 3. g3 d5 4. Bg2 d4 5. O-O c5 6. d3 Nc6 7. e3 Bd6 8. exd4
cxd4 9. Na3 O-O 10. Nc2 e5 11. b4 Re8 12. Re1 Bg4 13. c5 Bc7 14. b5 Na5 15. Bg5
h6 16. Bxf6 Qxf6 17. Nb4 Rad8 18. h3 Bh5 19. Rc1 Qe6 20. Qa4 Bxf3 21. Bxf3 Qxh3
22. Nd5 e4 23. Bg2 Qd7 24. dxe4 Rc8 25. Red1 Bd8 26. Rxd4 Qe6 27. Nf4 Qe7 28.
Nd5 Qe6 29. Rdd1 a6 30. bxa6 bxa6 31. Bh3 1-0

[Event "Reykjavik Open 2015"]
[Site "Reykjavik ISL"]
[Date "2015.03.13"]
[Round "5.8"]
[White "L'Ami, Erwin"]
[Black "Brunello, Sabino"]
[Result "1-0"]
[WhiteTitle "GM"]
[BlackTitle "GM"]
[WhiteElo "2605"]
[BlackElo "2540"]
[WhiteFideId "1007998"]
[BlackFideId "813613"]
[EventDate "2015.03.10"]

1. d4 d5 2. c4 c6 3. Nf3 Nf6 4. Nc3 dxc4 5. a4 Bf5 6. e3 e6 7. Bxc4 Nbd7 8. O-O
Bb4 9. Qe2 O-O 10. e4 Bg6 11. Bd3 Bh5 12. e5 Nd5 13. Nxd5 cxd5 14. Qe3 Re8 15.
Bd2 Qe7 16. Bxb4 Qxb4 17. Qd2 Qe7 18. Ne1 Rac8 19. Nc2 Bg6 20. Bxg6 fxg6 21.
Rfc1 Rc7 22. Na3 Rxc1+ 23. Rxc1 Nb8 24. Nb5 Nc6 25. Nd6 Rf8 26. g3 Qc7 27. Rc5
a5 28. Kg2 Qb6 29. Qc3 g5 30. h3 h6 31. Nb5 Kh8 32. Qe3 Kg8 33. Rc3 Kh8 34. Qe2
Kg8 35. Rf3 Rxf3 36. Qxf3 Nb4 37. Qg4 Qc6 38. Nd6 Qd7 39. h4 gxh4 40. gxh4 Nc6
41. h5 Ne7 42. f4 Nc8 43. f5 Nxd6 44. fxe6 Qxa4 45. exd6 Qc2+ 46. Kg3 Qc1 47. e7
Qg1+ 48. Kf3 Qf1+ 49. Ke3 Qc1+ 50. Kd3 Qb1+ 51. Kc3 Qc1+ 52. Kb3 a4+ 53. Ka3
Qa1+ 54. Kb4 Qxb2+ 55. Kc5 Qc3+ 56. Kxd5 Qb3+ 57. Ke4 Qb1+ 58. Ke5 Qe1+ 59. Kd5
Qh1+ 60. Ke6 1-0

[Event "Reykjavik Open 2015"]
[Site "Reykjavik ISL"]
[Date "2015.03.13"]
[Round "5.9"]
[White "Gunnarsson, Jon Viktor"]
[Black "Grandelius, Nils"]
[Result "1-0"]
[WhiteTitle "IM"]
[BlackTitle "GM"]
[WhiteElo "2443"]
[BlackElo "2603"]
[WhiteFideId "2300931"]
[BlackFideId "1710400"]
[EventDate "2015.03.10"]

1. e4 c5 2. Nf3 d6 3. d4 cxd4 4. Nxd4 Nf6 5. Nc3 a6 6. Be3 e6 7. Be2 Qc7 8. Qd2
b5 9. a3 Bb7 10. f3 Nc6 11. g4 Be7 12. g5 Nd7 13. h4 Nce5 14. O-O-O Nb6 15.
Ndxb5 axb5 16. Nxb5 Qc6 17. Bxb6 Qxb6 18. Nxd6+ Bxd6 19. Qxd6 Qxd6 20. Rxd6 Ke7
21. Rhd1 Rhc8 22. c3 Bc6 23. h5 Nd7 24. R1d2 Ra5 25. g6 Rxh5 26. gxf7 Nf8 27. b4
Rh1+ 28. Kb2 h5 29. Ba6 Rc7 30. b5 Bxb5 31. Bxb5 h4 32. a4 h3 33. Rd1 Rh2+ 34.
R6d2 Rxd2+ 35. Rxd2 Ng6 36. a5 Ne5 37. a6 Nxf3 38. Rf2 Rc5 39. c4 1-0

[Event "Reykjavik Open 2015"]
[Site "Reykjavik ISL"]
[Date "2015.03.13"]
[Round "5.10"]
[White "Movsesian, Sergei"]
[Black "Soors, Stef"]
[Result "1-0"]
[WhiteTitle "GM"]
[BlackTitle "IM"]
[WhiteElo "2665"]
[BlackElo "2408"]
[WhiteFideId "310204"]
[BlackFideId "209511"]
[EventDate "2015.03.10"]

1. c4 e5 2. Nc3 Nc6 3. g3 Bc5 4. Bg2 d6 5. Nf3 a6 6. O-O Nf6 7. e3 O-O 8. b3 Ba7
9. Qc2 h6 10. Nh4 Bd7 11. Bb2 Re8 12. a3 Rb8 13. Nd5 Nxd5 14. cxd5 Ne7 15. f4 f6
16. Rf2 a5 17. a4 b5 18. Bc3 b4 19. Bb2 Bc8 20. Qc4 Kh8 21. Raf1 Rb6 22. Rc1 Bb7
23. Qxc7 Qa8 24. Qd7 Qd8 25. Rc7 Qxd7 26. Rxd7 Kg8 27. fxe5 dxe5 28. d6 Bxg2 29.
Kxg2 1-0

[Event "Reykjavik Open 2015"]
[Site "Reykjavik ISL"]
[Date "2015.03.13"]
[Round "5.11"]
[White "Khademalsharieh, Sarasadat"]
[Black "Steingrimsson, Hedinn"]
[Result "1/2-1/2"]
[WhiteTitle "WGM"]
[BlackTitle "GM"]
[WhiteElo "2357"]
[BlackElo "2530"]
[WhiteFideId "12512214"]
[BlackFideId "2300117"]
[EventDate "2015.03.10"]

1. d4 g6 2. Nf3 Bg7 3. g3 c5 4. c3 Nf6 5. Bg2 b6 6. Ne5 d5 7. O-O O-O 8. a4 Bb7
9. a5 e6 10. Be3 Qe7 11. Qb3 Nfd7 12. axb6 axb6 13. Rxa8 Bxa8 14. Nxd7 Nxd7 15.
Nd2 Rc8 16. Ra1 Bc6 17. Ra7 Qd8 18. h4 Ra8 19. Qa2 Rxa7 20. Qxa7 Bb5 21. Bf3
cxd4 22. cxd4 Qc8 23. Kg2 h5 24. Qa3 Bf8 25. Qa2 Bg7 26. Qa3 Qa6 27. Qxa6 Bxa6
28. Nb1 f5 29. Na3 Kf7 30. b3 Nb8 31. Bf4 Nc6 32. e3 Bf8 33. Nc2 Ke8 34. Bc7 b5 1/2-1/2

[Event "Reykjavik Open 2015"]
[Site "Reykjavik ISL"]
[Date "2015.03.13"]
[Round "5.12"]
[White "Tania, Sachdev"]
[Black "Hammer, Jon Ludvig"]
[Result "1/2-1/2"]
[WhiteTitle "IM"]
[BlackTitle "GM"]
[WhiteElo "2404"]
[BlackElo "2651"]
[WhiteFideId "5007844"]
[BlackFideId "1503707"]
[EventDate "2015.03.10"]

1. d4 Nf6 2. c4 g6 3. Nc3 d5 4. cxd5 Nxd5 5. Bd2 Bg7 6. e4 Nxc3 7. Bxc3 O-O 8.
Nf3 Bg4 9. Be2 Nc6 10. d5 Bxc3+ 11. bxc3 Bxf3 12. gxf3 Na5 13. Qd2 c6 14. c4 e5
15. O-O cxd5 16. cxd5 Nc6 17. f4 f6 18. Rab1 Rb8 19. Kh1 Qd6 20. Rbd1 Nd4 21.
Bg4 Rf7 22. Qb2 Rbf8 23. fxe5 fxe5 24. Rxd4 exd4 25. Be6 Qe5 26. f3 Kg7 27. Bxf7
Rxf7 28. Qd2 Kg8 29. Qd3 Rf4 30. Qc4 Kg7 31. Rd1 Rxe4 32. fxe4 Qxe4+ 33. Kg1
Qg4+ 34. Kf2 Qxd1 35. Qc7+ Kf6 1/2-1/2

[Event "Reykjavik Open 2015"]
[Site "Reykjavik ISL"]
[Date "2015.03.13"]
[Round "5.13"]
[White "Shen, Victor C"]
[Black "Granda Zuniga, Julio E"]
[Result "0-1"]
[WhiteTitle "IM"]
[BlackTitle "GM"]
[WhiteElo "2401"]
[BlackElo "2646"]
[WhiteFideId "2028581"]
[BlackFideId "3800024"]
[EventDate "2015.03.10"]

1. e4 e5 2. Nf3 Nc6 3. d4 exd4 4. Nxd4 Nf6 5. Nc3 Bc5 6. Nb3 Bb4 7. Bd3 O-O 8.
O-O Bxc3 9. bxc3 d5 10. exd5 Nxd5 11. Qh5 g6 12. Qh6 Ne5 13. c4 Ng4 14. Qd2 Qd6
15. f4 Qb6+ 16. Kh1 Nde3 17. Rf3 Nf5 18. h3 Ngh6 19. Bb2 Be6 20. Qc3 f6 21. Re1
Rae8 22. c5 Qc6 23. Be4 Qa6 24. Bd3 Qa4 25. Kh2 Bd5 26. Rxe8 Qxe8 27. Bc4 Ne7
28. Re3 Bxc4 29. Qxc4+ Qf7 30. Qxf7+ Kxf7 31. Rd3 Rc8 32. g4 Nhg8 33. g5 h5 34.
Nd2 fxg5 35. fxg5 Nf5 36. Nc4 Nge7 37. Rd2 Nc6 38. Bf6 b6 39. cxb6 axb6 40. Na3
Nd6 41. Bb2 Ne7 42. Rd3 Nef5 43. Nb1 Re8 44. Nc3 Nc4 45. Bc1 Ne5 46. Rd1 Nf3+
47. Kh1 N3d4 48. Bf4 c6 49. a4 Ne6 50. Bc1 Nc5 51. Bf4 Ra8 52. Bc7 Nxa4 53. Nxa4
Rxa4 54. Bxb6 Rc4 55. Rd2 Ng3+ 56. Kg1 Ne4 57. Rg2 Ke6 58. Be3 Rc3 59. Re2 Ng3
60. Re1 Kd5 61. Bf2 Ne4 62. Rd1+ Ke6 63. Re1 Kf5 0-1

[Event "Reykjavik Open 2015"]
[Site "Reykjavik ISL"]
[Date "2015.03.13"]
[Round "5.14"]
[White "Cornette, Matthieu"]
[Black "Ahlander, Bjorn"]
[Result "1-0"]
[WhiteTitle "GM"]
[BlackTitle "IM"]
[WhiteElo "2585"]
[BlackElo "2380"]
[WhiteFideId "620084"]
[BlackFideId "1700251"]
[EventDate "2015.03.10"]

1. c4 e6 2. g3 Nf6 3. Bg2 d5 4. Nf3 Be7 5. O-O O-O 6. b3 c5 7. e3 Nc6 8. Bb2 b6
9. Nc3 Ba6 10. Qe2 Rc8 11. Ne1 Qd7 12. f4 Rfd8 13. Rf2 d4 14. Nb1 e5 15. e4 exf4
16. gxf4 d3 17. Qf1 b5 18. Bh3 Qc7 19. cxb5 Bxb5 20. Bxc8 Qxc8 21. Nc3 Ba6 22.
Nd5 Nxd5 23. exd5 Nb4 24. Rg2 g6 25. Nf3 Nxd5 26. Ne5 Qf5 27. Nc6 Rd7 28. Re1
Bf8 29. Nb8 Bb7 30. Re5 Qh3 31. Rxg6+ fxg6 32. Qxh3 Rf7 33. Rxd5 Bxd5 34. Nd7
Be7 35. Qxd3 Be6 36. Qc3 1-0

[Event "Reykjavik Open 2015"]
[Site "Reykjavik ISL"]
[Date "2015.03.13"]
[Round "5.16"]
[White "Stefansson, Hannes"]
[Black "Hauge, Lars Oskar"]
[Result "1-0"]
[WhiteTitle "GM"]
[BlackTitle "FM"]
[WhiteElo "2560"]
[BlackElo "2380"]
[WhiteFideId "2300087"]
[BlackFideId "1509276"]
[EventDate "2015.03.10"]

1. d4 Nf6 2. c4 c5 3. d5 b5 4. cxb5 a6 5. bxa6 g6 6. Nc3 Bg7 7. a7 Rxa7 8. e4
O-O 9. Nf3 d6 10. Be2 Ba6 11. O-O Nbd7 12. a4 Qa8 13. Ra3 Rc8 14. b3 Nb6 15. Re1
Ne8 16. Nb5 Rb7 17. Nd2 Nf6 18. Bb2 Rd8 19. Qa1 Bh6 20. Nc4 Nxc4 21. Bxc4 Ne8
22. e5 dxe5 23. Bxe5 Rbd7 24. Nc3 Bd2 25. Re2 Bxc3 26. Qxc3 Bb7 27. Re1 Bxd5 28.
Bf1 Qa7 29. b4 f6 30. Bf4 cxb4 31. Qxb4 Bf7 32. Be3 Qb7 33. Qxb7 Rxb7 34. a5 Ra8
35. a6 Rc7 36. Ra5 Nd6 37. a7 Be8 38. Rb1 Kf7 39. Rb8 Bc6 40. Ra1 Ke6 41. Rc1 1-0

[Event "Reykjavik Open 2015"]
[Site "Reykjavik ISL"]
[Date "2015.03.13"]
[Round "5.17"]
[White "Le Roux, Jean-Pierre"]
[Black "Abdumalik, Zhansaya"]
[Result "1-0"]
[WhiteTitle "GM"]
[BlackTitle "WGM"]
[WhiteElo "2548"]
[BlackElo "2379"]
[WhiteFideId "609404"]
[BlackFideId "13703544"]
[EventDate "2015.03.10"]

1. d4 Nf6 2. c4 g6 3. Nc3 d5 4. Nf3 Bg7 5. Qb3 dxc4 6. Qxc4 O-O 7. e4 a6 8. Be2
b5 9. Qd3 c5 10. dxc5 Nbd7 11. c6 Nc5 12. Qxd8 Rxd8 13. e5 Ng4 14. Bf4 b4 15.
Nd1 Be6 16. h3 Nh6 17. Rc1 Nd3+ 18. Bxd3 Rxd3 19. Ke2 Rdd8 20. Ne3 Bxa2 21. c7
Rdc8 22. Rhd1 f6 23. exf6 exf6 24. Nd4 Re8 25. Nc6 Be6 26. Nxb4 g5 27. Bd6 f5
28. Kf1 Nf7 29. Nc4 Bxc4+ 30. Rxc4 Bxb2 31. Nc6 Kg7 32. Bb4 Ne5 33. Nxe5 Bxe5
34. Rd7+ Kg8 35. Ba5 Rac8 36. g4 fxg4 37. hxg4 Bg7 38. Rc5 Bf6 39. Rc6 Bg7 40.
Rxa6 Be5 41. Rc6 Rf8 42. Rc5 Bf6 43. Rf5 h6 44. Kg2 1-0

[Event "Reykjavik Open 2015"]
[Site "Reykjavik ISL"]
[Date "2015.03.13"]
[Round "5.18"]
[White "Sarkar, Justin"]
[Black "Rasmussen, Allan Stig"]
[Result "1-0"]
[WhiteTitle "IM"]
[BlackTitle "GM"]
[WhiteElo "2376"]
[BlackElo "2532"]
[WhiteFideId "2010011"]
[BlackFideId "1406000"]
[EventDate "2015.03.10"]

1. d4 d5 2. c4 c6 3. Nf3 Nf6 4. Nc3 e6 5. Bg5 h6 6. Bh4 dxc4 7. e4 g5 8. Bg3 b5
9. Be2 Bg7 10. e5 Nh5 11. a4 a6 12. Ne4 O-O 13. Qc2 Nxg3 14. hxg3 Re8 15. Rxh6
f5 16. Nf6+ Kf8 17. Rg6 Kf7 18. Nxg5+ 1-0

[Event "Reykjavik Open 2015"]
[Site "Reykjavik ISL"]
[Date "2015.03.13"]
[Round "5.19"]
[White "Danielsen, Henrik"]
[Black "Christiansen, Johan-Sebastian"]
[Result "1-0"]
[WhiteTitle "GM"]
[BlackTitle "FM"]
[WhiteElo "2514"]
[BlackElo "2351"]
[WhiteFideId "1400185"]
[BlackFideId "1512668"]
[EventDate "2015.03.10"]

1. e4 e6 2. d3 c5 3. g3 Nc6 4. Bg2 g6 5. f4 Bg7 6. Nf3 Nge7 7. O-O O-O 8. c3 d6
9. Na3 b6 10. d4 Ba6 11. Rf2 cxd4 12. cxd4 f5 13. exf5 Nxf5 14. Nc2 e5 15. fxe5
dxe5 16. Bg5 Qe8 17. Nxe5 Nxe5 18. dxe5 Rc8 19. g4 Nh6 20. Bf6 Qa4 21. Ne3 Qxd1+
22. Rxd1 Bxf6 23. Rxf6 Rxf6 24. exf6 Re8 25. g5 Nf7 26. Nd5 Be2 27. Re1 Kf8 28.
h4 Bb5 29. Re7 Bc4 30. Rxa7 Re1+ 31. Kh2 Nd6 32. Nxb6 Re2 33. Nxc4 Nxc4 34. Kg3
Ne3 35. Bh3 Rxb2 36. Be6 Nf1+ 37. Kf4 Rf2+ 38. Ke5 Re2+ 39. Kd6 Rd2+ 40. Bd5 1-0

[Event "Reykjavik Open 2015"]
[Site "Reykjavik ISL"]
[Date "2015.03.13"]
[Round "5.20"]
[White "Gulamali, Kazim"]
[Black "Tari, Aryan"]
[Result "0-1"]
[WhiteTitle "FM"]
[BlackTitle "IM"]
[WhiteElo "2350"]
[BlackElo "2509"]
[WhiteFideId "2024764"]
[BlackFideId "1510045"]
[EventDate "2015.03.10"]

1. e4 c6 2. d4 d5 3. Nc3 dxe4 4. Nxe4 Bf5 5. Ng3 Bg6 6. Nh3 e6 7. Nf4 Bd6 8. c3
Nf6 9. h4 Bxf4 10. Bxf4 h6 11. h5 Bh7 12. Qb3 Qe7 13. O-O-O Nd5 14. Be5 Nd7 15.
c4 Nxe5 16. cxd5 Ng4 17. dxe6 Nxf2 18. exf7+ Kd8 19. Bc4 Nxh1 20. d5 Nf2 21. d6
Qg5+ 22. Rd2 Qe5 23. Re2 Qf4+ 24. Re3 Ng4 25. Nf1 b5 26. Qc3 Qxc4 0-1

[Event "Reykjavik Open 2015"]
[Site "Reykjavik ISL"]
[Date "2015.03.13"]
[Round "5.21"]
[White "Nguyen, Thai Dai Van"]
[Black "Pakleza, Zbigniew"]
[Result "0-1"]
[WhiteTitle "FM"]
[BlackTitle "GM"]
[WhiteElo "2338"]
[BlackElo "2498"]
[WhiteFideId "358878"]
[BlackFideId "1119290"]
[EventDate "2015.03.10"]

1. e4 g6 2. d4 Bg7 3. Nf3 d6 4. Bc4 c6 5. Bb3 Nf6 6. Qe2 O-O 7. O-O a5 8. a4 Qc7
9. e5 dxe5 10. dxe5 Nd5 11. Nbd2 Na6 12. Re1 Nc5 13. Bc4 Nb6 14. b3 Nxc4 15.
Nxc4 b5 16. Ncd2 Ba6 17. Qe3 Ne6 18. Bb2 Rfd8 19. Ne4 b4 20. Nfg5 Nxg5 21. Nxg5
h6 22. Ne4 Rd5 23. f4 Rad8 24. h4 Bc8 25. h5 Bf5 26. hxg6 fxg6 27. Rac1 Qc8 28.
Re2 Bxe4 29. Qxe4 Qg4 30. Rce1 Rd1 31. Bc1 c5 32. Qf3 Qf5 33. Qf1 R1d5 34. Be3
e6 35. Qf2 Bf8 36. Qf3 h5 37. Qh3 Be7 38. Qxf5 exf5 39. Kf2 Kf7 40. Kf3 Ke6 41.
Rc1 R5d7 42. c4 Rd3 43. Rb2 g5 44. Ke2 gxf4 45. Bxf4 R3d4 46. g3 h4 47. Rh1 Re4+
48. Kf2 Rd3 49. Kg2 hxg3 50. Rh6+ Kf7 51. Rh7+ Ke8 52. Rh8+ Kd7 53. e6+ Kxe6 54.
Bc7 f4 55. Bxa5 Bd6 56. Rh6+ Kf5 0-1